Sports Quiz

Random Sports or Baseball Quiz
Score 0/50 Timer 20:00
0 Plays Today
% Correct
Franklin Delano Roosevelt
93.8%
Lou Gehrig
90.6%
Dizzy Dean
84.4%
Johnny Bench
84.4%
Willie McCovey
84.4%
Willie Mays
81.3%
Ted Williams
81.3%
Mickey Mantle
81.3%
Stan Musial
81.3%
John F. Kennedy
81.3%
Roberto Clemente
81.3%
Orlando Cepeda
81.3%
Juan Marichal
78.1%
Max Scherzer
76.9%
Aaron Judge
76.9%
Mike Trout
76.9%
George Springer
76.9%
Don Drysdale
75%
Maury Wills
71.9%
Frank Howard
71.9%
Denny McLain
71.9%
Chris Sale
69.2%
Scooter Gennett
69.2%
Alex Bregman
69.2%
Jim Bunning
68.8%
% Correct
Joe McCarthy
62.5%
Lefty Gomez
62.5%
Bill Dickey
62.5%
Ted Kluszewski
62.5%
Felipe Alou
62.5%
Matty Alou
62.5%
Willson Contreras
61.5%
Trevor Story
61.5%
Charlie Gehringer
59.4%
Jean Segura
53.8%
Joe Medwick
53.1%
Ken Boyer
53.1%
Steve Carlton
53.1%
Bill Freehan
53.1%
Mel Stottlemyre
46.9%
Dick Groat
43.8%
Cleon Jones
43.8%
Billy Pierce
34.4%
Billy Herman
31.3%
Bob Friend
31.3%
Red Rolfe
28.1%
Felix Millan
28.1%
Johnny Antonelli
18.8%
Johnny Temple
12.5%
Bob Shaw
6.3%
Remove Ads.
Support Sporcle.
Get the best of Sporcle when you Go Orange. This ad-free experience offers more features, more stats, and more fun while also helping to support Sporcle. Thank you for becoming a member.

You're not logged in!

Compare scores with friends on all Sporcle quizzes.
OR
Log In

Show Comments

Extras

Top Quizzes Today


Score Distribution

Your Account Isn't Verified!

In order to create a playlist on Sporcle, you need to verify the email address you used during registration. Go to your Sporcle Settings to finish the process.

Report this User

Report this user for behavior that violates our Community Guidelines.

Details: